Autour du baseball et du softball aux JO - Statistiques

Statistiques générales
  • Ce quiz a été pris 2 fois
  • Le résultat moyen est 9 sur 21
Statistiques - réponses
Hint Réponse % Correct
Généralités Un seul pays a pris part à tous les tournois olympiques de baseball Japon
100%
Généralités Le baseball a été discipline de démonstration à (...) reprises 9
50%
Pays ayant pris part à au moins un tournoi de baseball d'Afrique Afrique-du-Sud
50%
Pays ayant pris part à au moins un tournoi de baseball d'Océanie Australie
50%
Pays ayant pris part à au moins un tournoi de softball d'Océanie Australie | Nouvelle-Zélande
50%
Pays ayant pris part à au moins un tournoi de baseball d'Amérique Canada | Cuba | Etats-Unis | Mexique | Nicaragua | République dominicaine
50%
Pays ayant pris part à au moins un tournoi de baseball d'Asie Chine | Corée-du-Sud | Israël | Japon [ Taïwan
50%
Pays ayant reçu au moins 3 médailles d'or en baseball Cuba
50%
Pays ayant reçu au moins 5 médailles (toutes couleurs) en baseball Cuba
50%
Pays ayant pris part à au moins un tournoi de baseball d'Europe Espagne | Grèce | Italie | Pays-Bas
50%
Pays ayant reçu au moins 3 médailles d'or en softball Etats-Unis
50%
Pays ayant reçu au moins 5 médailles (toutes couleurs) en softball Etats-Unis
50%
Pays ayant reçu au moins 1 médailles d'or en baseball Etats-Unis | Japon | Corée-du-Sud
50%
Pays ayant pris part à au moins un tournoi de softball d'Amérique Etats-Unis | Mexique | Canada | Venezuela | Cuba
50%
Pays ayant pris part à au moins un tournoi de softball d'Europe Italie | Pays-Bas | Grèce
50%
Pays ayant pris part à au moins un tournoi de softball d'Asie Japon | Chine | Taïwan
50%
Généralités Le baseball est apparu pour la 1ère aux JO en 1900
0%
Généralités Le baseball est devenu discipline olympique en 1992
0%
Généralités Le softball est apparu pour la 1ère aux JO en 1996
0%
Pays ayant reçu au moins 2 médailles d'or en softball Japon
0%
Généralités De quelle forme géométrique est un terrain de baseball ou de softball Losange
0%
Aucun quiz correspondant
Distribution des résultats
% des personnes avec chaque résultat
Percentile par nombre de réponses
Votre historique - résultats
Vous n’avez pas pris ce quiz